The last lion - winston spencer churchill - alone, 1932 - 1940 / (Record no. 15924)

000 -LEADER
fixed length control field 00805nam a2200217 a 4500
001 - CONTROL NUMBER
control field ASINB000H2KI9Y
005 - DATE AND TIME OF LATEST TRANSACTION
control field 20170105102928.0
008 - FIXED-LENGTH DATA ELEMENTS--GENERAL INFORMATION
fixed length control field 131213s1983 xxu eng d
020 ## - INTERNATIONAL STANDARD BOOK NUMBER
International Standard Book Number 0316058130 (hardcover)
020 ## - INTERNATIONAL STANDARD BOOK NUMBER
International Standard Book Number 9780316058131 (hardcover)
040 ## - CATALOGING SOURCE
Original cataloging agency 0
082 ## - DEWEY DECIMAL CLASSIFICATION NUMBER
Classification number 941.082
Author Mark MAN 1983
100 1# - MAIN ENTRY--PERSONAL NAME
Personal name Manchester, William.
245 14 - TITLE STATEMENT
Title The last lion - winston spencer churchill - alone, 1932 - 1940 /
Statement of responsibility, etc. William Manchester.
250 ## - EDITION STATEMENT
Edition statement 1ST ed.
260 ## - PUBLICATION, DISTRIBUTION, ETC.
Place of publication, distribution, etc. [S.l.] :
Name of publisher, distributor, etc. Little, Brown And Company,
Date of publication, distribution, etc. 1983.
300 ## - PHYSICAL DESCRIPTION
Extent 1 v. (unpaged) ;
Dimensions 24 cm.
520 ## - SUMMARY, ETC.
Summary, etc. Definitive biography of one of the greatest world leaders of the twentieth century, Winston Spencer Churchill.
856 40 - ELECTRONIC LOCATION AND ACCESS
Materials specified Amazon.com
Uniform Resource Identifier <a href="http://www.amazon.com/exec/obidos/ASIN/B000H2KI9Y/chopaconline-20">http://www.amazon.com/exec/obidos/ASIN/B000H2KI9Y/chopaconline-20</a>
942 ## - ADDED ENTRY ELEMENTS (KOHA)
Source of classification or shelving scheme
Koha item type Reference
Holdings
Withdrawn status Lost status Damaged status Not for loan Collection code Permanent Location Current Location Shelving location Date acquired Total Checkouts Full call number Barcode Date last seen Price effective from Koha item type
          Centre for International Peace & Stability (CIPS) Centre for International Peace & Stability (CIPS) Reference 10/02/2013   941.082 MAN 1983 CIPS0001839 12/13/2013 12/13/2013 Reference
          Centre for International Peace & Stability (CIPS) Centre for International Peace & Stability (CIPS) Reference 10/02/2013   941.082 MAN 1983 CIPS0001840 12/13/2013 12/13/2013 Reference
© 2023 Central Library, National University of Sciences and Technology. All Rights Reserved.